[Event "Malmo Open"]
[Site "Malmo"]
[Date "2013.12.15"]
[Round "7"]
[White "Johansson, Linus"]
[Black "Kvamme, John Agnar"]
[Result "1-0"]
[WhiteElo "2403"]
[BlackElo "2129"]

1.d4 Nf6 2.c4 e6 3.Nf3 b6 4.g3 Bb4+ 5.Bd2 Bxd2+ 6.Qxd2 Bb7 7.Bg2 O-O 8.O-O
d6 9.Nc3 Ne4 10.Nxe4 Bxe4 11.Qf4 f5 12.Ng5 Bxg2 13.Kxg2 Qe7 14.d5 e5 15.
Qd2 Nd7 16.Ne6 Rfc8 17.e4 fxe4 18.Rae1 Nf6 19.Ng5 Rf8 20.Ne6 Rfc8 21.Ng5
Rf8 22.Re3 h6 23.Ne6 Rfc8 24.f3 c6 25.fxe4 cxd5 26.cxd5 Rc4 27.b3 Rxe4 28.
Rxf6 Rxe3 29.Rg6 1-0

[Event "Malmo Open"]
[Site "Malmo"]
[Date "2013.12.15"]
[Round "7"]
[White "Nilsson, Patrik"]
[Black "Lindgren, Philip"]
[Result "0-1"]
[WhiteElo "2127"]
[BlackElo "2393"]

1.e4 c5 2.Nf3 d6 3.d4 cxd4 4.Nxd4 Nf6 5.Nc3 a6 6.Be3 e5 7.Nb3 Be6 8.f3
Nbd7 9.Qd2 h5 10.O-O-O Rc8 11.Bg5 Be7 12.Kb1 b5 13.Bxf6 Nxf6 14.Bd3 O-O
15.f4 exf4 16.Qxf4 Rxc3 17.bxc3 Qc7 18.g4 Nxg4 19.Rhg1 Bf6 20.h3 Qxc3 21.
Kc1 Be5 22.Qf3 Nf6 23.Rg5 Rc8 24.Rdg1 g6 25.Kd1 a5 26.Qg2 Kf8 27.Qd2 a4
28.Qxc3 Rxc3 29.Nd2 b4 30.Nf3 Bf4 31.Ra5 b3 32.axb3 axb3 33.Nd4 bxc2+ 34.
Bxc2 Bxh3 35.Ne2 Rf3 36.Nxf4 Rxf4 37.e5 dxe5 38.Rxe5 Bg4+ 39.Kc1 Kg7 40.
Re7 Nd5 41.Ra7 h4 42.Bb3 Be6 43.Bc2 Kf6 0-1